| 000 | 00513nam a22001697a 4500 | ||
|---|---|---|---|
| 999 |
_c11983 _d11983 |
||
| 003 | AR-CdUCM | ||
| 008 | 190405b ||||| |||| 00| 0 spa d | ||
| 040 |
_aMUNICIPALIDAD PROVINCIAL DEL CUSCO _cBIBLIOTECA MUNICIPAL DEL CUSCO |
||
| 082 |
_22ed. _a891.51 / _bD76 / 1933 |
||
| 100 |
_aDostoiewsky, Fedor _929624 |
||
| 245 |
_aEl jugador : _bnovela / |
||
| 260 |
_aChile : _bOsiris, _c1933. |
||
| 300 |
_a150 páginas ; _c19 cm. |
||
| 650 |
_aNovela chilena. _99974 |
||
| 942 |
_2ddc _cLIBROS |
||
| 945 |
_awfj _d2019-04-05 |
||